01000nam a2200277Ia 450000500170000000800410001702000150005804100080007310000360008124501450011725000230026226400340028530000330031933600270035233700330037933800280041249000300044065000280047065000410049865000290053970000380056870000390060670000310064504000350067608400110071120220316235215.0121119s2003 s a gr 000 f spa  a84207335121 aspa1 aDoyle, Arthur Conan,d1859-193013aEl sabueso de los BaskervillecArthur Conan Doyle, traducción, Ramiro Sánchez Sanz, Santiago R. Santerbas ; ilustraciones, Sidney Paget  aDécima edición 1aMadridbEdiciones Anayac2003 a256 páginasbilustraciones atextobtxt2rdacontent asin mediaciónbn2rdamedia avolumenbnc2rdacarrier0 aTus libros : policíacos142LEMBaAutores escoceses142LEMBaLiteratura escocesaySiglo XIX142LEMBaNovela policíaca1 aSánchez Sanz, Ramiroetraductor1 aR. Santerbas, Santiago etraductor1 aPaget, Sidney eilustrador aCO-BoRNBPbspaerdacCO-BoRNBP aN DOY1